Organización comunitaria para la conservación forestal: estudio de caso en la Selva Lacandona de Chiapas, México /

Uloženo v:
Podrobná bibliografie
Hlavní autor: Montoya Gómez, Guillermo
Další autoři: Hernández Ruiz, José F., Velasco Pérez, Alfredo, Reygadas, Luis, Maza, Teresa R.
Médium: Text
Témata:
Tagy: Přidat tag
Žádné tagy, Buďte první, kdo vytvoří štítek k tomuto záznamu!

MARC

LEADER 00000 a a2200000 04500
001 11644
003
040
100 |a Montoya Gómez, Guillermo  
245 |a Organización comunitaria para la conservación forestal:   |b estudio de caso en la Selva Lacandona de Chiapas, México /  |c Guillermo Montoya Gómez, José F. Hernández Ruiz, et al. 
650 |a MEDIO AMBIENTE  
650 |a COMUNIDADES  
650 |a POTECCION AMBIENTAL  
650 |a GOBIERNO LOCAL  
650 |a MEXICO  
650 |a ACTIVIDADES PRODUCTIVAS  
650 |a INGRESOS  
700 |a Hernández Ruiz, José F.  
700 |a Velasco Pérez, Alfredo  
700 |a Reygadas, Luis  
700 |a Maza, Teresa R.  
773 |g volumen 12, número 49; páginas 177-204  
999 |c 27563  |d 27563